Taylor Swift - You're Losing Me (Lyrics) - Statistics

General Stats
  • This quiz has been taken 3,853 times
  • The average score is 305 of 370
Answer Stats
Answer % Correct
You
100%
you
100%
"You
100%
a
99%
A
99%
"I
99%
I
99%
an
98%
me
98%
me"
98%
your
98%
Do
97%
"Do
97%
losing
97%
say,
97%
say
97%
Who
97%
you're
97%
You're
97%
and
96%
And
96%
don't"
95%
don't
95%
Stop,
95%
Stop
95%
know
93%
the
93%
We
93%
we
93%
My
92%
my
92%
to
92%
"To
92%
would
92%
be
91%
won't
90%
I'm
90%
in
90%
won't
90%
can
89%
it
89%
it?
89%
at
88%
heart
88%
can't
87%
understand"
87%
anymore
86%
this
86%
'cause
85%
'Cause
85%
for
85%
love
85%
all
84%
her
84%
How
84%
start
84%
wouldn't
84%
as
83%
got
81%
find
80%
now,
80%
Now,
80%
it's
79%
marry
79%
pulse
79%
pulse,
79%
something,
79%
something"
79%
were
79%
only
78%
time,
78%
time
78%
best
77%
either
77%
people
77%
pleaser
77%
babe,
76%
that
76%
thing
76%
was
76%
gone"
75%
gone
75%
of
75%
see
75%
if
74%
is
73%
just
73%
from
72%
party
72%
sad
72%
army,
71%
come
71%
could
71%
Every
71%
light
71%
long
71%
nothing"
71%
pathological
71%
song
71%
but
70%
thought
70%
too
70%
Always
69%
ashes
69%
cure
69%
fear
69%
keep
69%
loved
69%
wanted
69%
even
68%
Fighting
68%
gave
68%
ignore
68%
tell
68%
dark
67%
did
67%
risk
67%
sit
67%
wonder
67%
have
66%
out
66%
phoenix
66%
room,
66%
someone
66%
tired
66%
endless
65%
everything
65%
far
65%
"Lose
65%
or
65%
rising
65%
soldier
65%
'Til
65%
what
65%
back
64%
built
64%
getting
64%
throw
64%
believe,
63%
with
63%
bravest
62%
final
62%
they
62%
tried
62%
choosing
61%
dying?
61%
empathy
61%
eyes
61%
frontlines,
61%
looking
61%
until
61%
blow
60%
bring
60%
life?
60%
Remember
60%
through
60%
unless
60%
me's,
59%
thinking
59%
down
58%
bleed
57%
might
57%
sick
57%
gashes
56%
admit
55%
"Choose
55%
Mending
55%
morning,
53%
storms
53%
face
52%
gray,
52%
dealt
51%
fading,
50%
hallway
50%
air
47%
nails
46%
running
46%
bit
45%
glared
45%
pain
45%
quick
45%
such
45%
imposition
44%
indecision
42%
sent
41%
signals
41%
thick
39%
loss
38%
No matching quizzes found
Score Distribution
Percent of People with Each Score
Percentile by Number Answered
Your Score History
You have not taken this quiz